| 000 | 00956nam a2200241 a 4500 | ||
|---|---|---|---|
| 001 | 000355246 | ||
| 003 | AM-YeHGA | ||
| 005 | 20250618072222.0 | ||
| 008 | 040728s1889 it r 000 0 arm d | ||
| 040 | _aAM-YeHGA | ||
| 041 | 0 | _aarm | |
| 100 | 0 |
_aՓավստոս Բյուզանդ, _dV դ. (ծ. և մ. թթ. անհտ) _92855 |
|
| 245 | 1 | 0 |
_aՓաւստոսի Բուզանդացւոյ պատմութիւն հայոց : _bԻ չորս դպրութիւնս / _cՓաւստոս Բուզանդացի. |
| 250 | _aII տպագր. | ||
| 260 |
_aՎենետիկ : _bՍ. Ղազար, _c1889. |
||
| 300 |
_aԶ-ԺԱ, 290 էջ ; _c20 սմ. |
||
| 504 | _aՄատենագիտ. տողատ. ծանոթ. | ||
| 504 | _aՑանկ՝ էջ 284-289 | ||
| 650 | 1 | 4 | _aՀայոց պատմություն |
| 650 | 1 | 4 |
_aՀայ պատմիչների ստեղծագործությունները որպես պատմական աղբյուրներ _94992 |
| 942 |
_2udc _cBK |
||
| 090 | _c137528 | ||
| 999 |
_c136157 _d136157 |
||